Robotics and control (Record no. 33143)
[ view plain ]
| 000 -LEADER | |
|---|---|
| fixed length control field | 00347nam a2200169Ia 4500 |
| 082 ## - DEWEY DECIMAL CLASSIFICATION NUMBER | |
| Classification number | 629.892 |
| Item number | MIT |
| 100 ## - MAIN ENTRY--PERSONAL NAME | |
| Personal name | Mittal/ R.K/ Nagrath/I.J |
| 245 ## - TITLE STATEMENT | |
| Title | Robotics and control |
| 260 ## - PUBLICATION, DISTRIBUTION, ETC. | |
| Name of publisher, distributor, etc. | McGraw Hill |
| Date of publication, distribution, etc. | 2003 |
| 366 ## - TRADE AVAILABILITY INFORMATION | |
| Publishers's discount category | 26 |
| 300 ## - PHYSICAL DESCRIPTION | |
| Extent | 485 |
| 546 ## - LANGUAGE NOTE | |
| Language note | ENGLISH |
| 650 ## - SUBJECT ADDED ENTRY--TOPICAL TERM | |
| Topical term or geographic name entry element | Robotics |
| 654 ## - SUBJECT ADDED ENTRY--FACETED TOPICAL TERMS | |
| Focus term | Robotics |
| 942 ## - ADDED ENTRY ELEMENTS (KOHA) | |
| Koha item type | BOOK |
| Withdrawn status | Lost status | Damaged status | Not for loan | Collection | Home library | Current library | Date acquired | Source of acquisition | Cost, normal purchase price | Inventory number | Total Checkouts | Total Renewals | Full call number | Barcode | Date last seen | Date last checked out | Cost, replacement price | Price effective from | Koha item type | Date due |
|---|---|---|---|---|---|---|---|---|---|---|---|---|---|---|---|---|---|---|---|---|
| CRC | Fr. Agnel's C.Rodrigues College of Engineering | AGNEL TECHNICAL COLLEGE LIBRARY | 17/03/2023 | A.O enterprises | 777.00 | 457 ddt 22.09.2022 | 5 | 1 | 629.892 MIT | 26009 | 29/11/2025 | 21/11/2025 | 1050.00 | BOOK | ||||||
| CRC | Fr. Agnel's C.Rodrigues College of Engineering | AGNEL TECHNICAL COLLEGE LIBRARY | 17/03/2023 | A.O enterprises | 777.00 | 457 ddt 22.09.2022 | 5 | 629.892 MIT | 26010 | 29/11/2025 | 21/11/2025 | 1050.00 | BOOK | |||||||
| CRC | Fr. Agnel's C.Rodrigues College of Engineering | AGNEL TECHNICAL COLLEGE LIBRARY | 17/03/2023 | A.O enterprises | 777.00 | 457 ddt 22.09.2022 | 4 | 629.892 MIT | 26011 | 19/09/2025 | 19/09/2025 | 1050.00 | BOOK | 29/09/2025 | ||||||
| CRC | Fr. Agnel's C.Rodrigues College of Engineering | AGNEL TECHNICAL COLLEGE LIBRARY | 17/03/2023 | A.O enterprises | 777.00 | 457 ddt 22.09.2022 | 3 | 1 | 629.892 MIT | 26012 | 29/11/2025 | 21/11/2025 | 1050.00 | BOOK | ||||||
| CRC | Fr. Agnel's C.Rodrigues College of Engineering | AGNEL TECHNICAL COLLEGE LIBRARY | 17/03/2023 | A.O enterprises | 777.00 | 457 ddt 22.09.2022 | 2 | 629.892 MIT | 26015 | 29/11/2025 | 21/11/2025 | 1050.00 | BOOK | |||||||
| CRC | Fr. Agnel's C.Rodrigues College of Engineering | AGNEL TECHNICAL COLLEGE LIBRARY | 17/03/2023 | A.O enterprises | 777.00 | 457 ddt 22.09.2022 | 3 | 1 | 629.892 MIT | 26017 | 29/11/2025 | 06/11/2025 | 1050.00 | BOOK | ||||||
| CRC | Fr. Agnel's C.Rodrigues College of Engineering | AGNEL TECHNICAL COLLEGE LIBRARY | 17/03/2023 | A.O enterprises | 777.00 | 457 ddt 22.09.2022 | 2 | 629.892 MIT | 26018 | 29/11/2025 | 06/11/2025 | 1050.00 | BOOK | |||||||
| CRC | Fr. Agnel's C.Rodrigues College of Engineering | Fr. Agnel's C.Rodrigues College of Engineering | 17/03/2023 | A.O enterprises | 777.00 | 457 ddt 22.09.2022 | 2 | 1 | 629.892 MIT | 26013 | 02/08/2024 | 24/11/2023 | 1050.00 | BOOK | ||||||
| CRC | Fr. Agnel's C.Rodrigues College of Engineering | Fr. Agnel's C.Rodrigues College of Engineering | 17/03/2023 | A.O enterprises | 777.00 | 457 ddt 22.09.2022 | 4 | 629.892 MIT | 26014 | 29/11/2025 | 21/11/2025 | 1050.00 | BOOK | |||||||
| CRC | Fr. Agnel's C.Rodrigues College of Engineering | Fr. Agnel's C.Rodrigues College of Engineering | 17/03/2023 | A.O enterprises | 777.00 | 457 ddt 22.09.2022 | 2 | 629.892 MIT | 26016 | 31/01/2024 | 31/08/2023 | 1050.00 | BOOK |